000 00508nam a2200193Ia 4500
003 OSt
005 20250902160020.0
008 220923b |||||||| |||| 00| 0 urd d
037 _cTB
040 _aARTS
_cARTS
_burd
041 _2urd
_aurd
084 _aO168,1:gN3 G9
_qAL
100 _aKazmi Sayed Tahkeen
_9216952
245 0 _aTazkirah-e-rekhti
260 _c1939
650 _aURDU POETRY
942 _hO168,1:gN3 G9
_cTB
_2CC
_n0
999 _c455958
_d455958